[Event "Tata Steel-A 76th"]
[Site "Wijk aan Zee"]
[Date "2014.01.15"]
[Round "4"]
[White "Van Wely, Loek"]
[Black "Harikrishna, Pentala"]
[Result "1/2-1/2"]
[WhiteElo "2672"]
[BlackElo "2706"]
[Annotator "Marin,M"]
[PlyCount "57"]
[EventDate "2014.01.11"]
[EventType "tourn"]
[EventRounds "11"]
[EventCountry "NED"]
[EventCategory "20"]
[SourceTitle "CBM 159"]
[Source "ChessBase"]
[SourceDate "2014.03.17"]
[SourceVersion "1"]
[SourceVersionDate "2014.03.17"]
[SourceQuality "1"]

1. Nf3 Nf6 2. c4 e6 3. d4 d5 4. g3 Be7 5. Bg2 O-O 6. O-O dxc4 7. Qc2 a6 8. a4
Bd7 9. Rd1 Nc6 $5 {An interesting way of trying to take advantage of the move
order chosen by White.} ({The main continuation is} 9... Bc6 10. Nc3 Bxf3 11.
Bxf3 Nc6 12. Bxc6 bxc6 {with some light pressure for White:} 13. Bg5 ({In my
article for CBM 127 I focussed on} 13. a5) 13... Rb8 {(1/2, 44) Kramnik,V 
(2800)-Karjakin,S (2763) Moscow 2011 CBM 146 [RR]}) 10. Qxc4 Nb4 11. Nc3 ({
With Nc3 instead of Rd1, White could have played} 11. Ne5 {, but here this
fails to} Bxa4 $1 {[%cal Gb7b5] Fritsch,R-Keller,M Germany 1985 (1/2, 19)})
11... Bc6 {Black has reached a known regrouping, but has spared a tempo on the
way: he did not have to clear the knight's path with ...a6-a5. This thematic
move will be played later, but for the time being he can use the tempo for the
fight in the centre.} 12. Bg5 (12. a5 $5 b5 13. axb6 cxb6 $13) ({But} 12. Bf4 {
looks better, when Black might have to transpose back to some of the main
lines with} a5 {But even this would be a small success, since White wanted to
play another variation in the first place.}) 12... Bd5 $1 {The game now takes
on an independent character.} (12... a5 13. Rac1 {would transpose to the main
lines with 9.Qxc4, when} Bd5 $2 {would not be possible anymore because of the
pressure along the c-file.}) 13. Nxd5 exd5 {This forced structural
modification clearly favours Black. The Karlsbad structure does not offer
White anything but worries if his bishop is on g2.} 14. Qb3 a5 $1 {Finally
consolidating the queenside.} 15. Ne5 c6 16. Nd3 $146 {The start of
simplifications. White understands very well that there is no advantage at all.
} ({Keeping the pieces on the board for too long may hand over the initiative
to Black:} 16. Bd2 {Too passive.} Qb6 17. e3 Bd6 18. Nd3 Rfe8 19. Rac1 Ne4 20.
Be1 h5 21. Rc2 Qa6 22. Rcc1 h4 $36 {Shestakov,S (2351)-Novikov,M (2515) Tula
2005 (0-1, 40)}) 16... Re8 17. Bxf6 Bxf6 18. Nxb4 Qb6 19. Qc3 axb4 20. Qd3 Ra5
21. b3 Qa6 22. Qd2 Qb6 23. e3 g6 24. h4 Kg7 25. Bf3 h5 26. Kg2 $11 {Neither
side can carry out any pawn break without weakening his position.} Be7 27. Re1
Raa8 28. Qd3 Bf6 29. Rad1 1/2-1/2

[Event "London Classic 8th"]
[Site "London"]
[Date "2016.12.10"]
[Round "2"]
[White "So, Wesley"]
[Black "Adams, Michael"]
[Result "1-0"]
[WhiteElo "2794"]
[BlackElo "2748"]
[Annotator "Marin,M"]
[PlyCount "79"]
[EventDate "2016.12.09"]
[EventType "tourn"]
[EventRounds "9"]
[EventCountry "ENG"]
[EventCategory "22"]
[SourceTitle "CBM 176"]
[Source "ChessBase"]
[SourceDate "2017.01.17"]
[SourceVersion "1"]
[SourceVersionDate "2017.01.17"]
[SourceQuality "1"]

1. d4 Nf6 2. c4 e6 3. g3 d5 4. Bg2 Be7 5. Nf3 O-O 6. O-O dxc4 7. Qc2 a6 8. a4
Bd7 9. Qxc4 Bc6 10. Bg5 a5 ({Once considered a reliable drawing weapon in an
only slightly unpleasant position,} 10... Bd5 {has yielded White good results
lately:} 11. Qc2 (11. Qd3 c5 12. Nc3 Bc6 13. Rfd1 {Vachier Lagrave,M (2789)
-Nakamura,H (2787) Paris 2016 CBM 173 [Besenthal,K] (1-0, 54)}) 11... Be4 12.
Qd1 (12. Qc1 h6 13. Bxf6 Bxf6 14. Rd1 {Eljanov,P (2717)-Nakamura,H (2814) Baku
2015 CBM 169 [Eljanov,P] (1-0, 58)}) 12... c5 13. dxc5 Bxc5 14. Nbd2 Bc6 15.
Ne5 Bxg2 16. Kxg2 Be7 17. Rc1 Nbd7 18. Nxd7 Qxd7 19. Nf3 Qxd1 20. Rfxd1 Rfc8
21. Ne5 h6 22. Bd2 Rd8 23. Nd3 {Giri,A (2793)-Leko,P (2707) Baku 2015 CBM 169 
[Stohl,I] (1-0, 46)}) ({Anticipating a bit, Adams seems to enjoy rare lines,
yielding him somewhat passive but solid positions, as in} 10... h6 11. Bxf6
Bxf6 12. Nc3 Bxf3 13. Bxf3 c6 14. e3 a5 {Eljanov,P (2723)-Adams,M (2740) Biel
2015 CBM 168 [Marin,M] (0-1, 59)}) 11. Nc3 Ra6 $5 {This rare move brings the
rook closer to the b4-square.} ({Usually it is the knight heading for it with} 
11... Na6 {but this allows White to occupy the centre:} 12. Bxf6 Bxf6 13. e4
Nb4 14. Rfd1 g6 15. h4 Bg7 16. h5 (16. Rd2 {Aronian,L (2777)-Kramnik,V (2783)
Zuerich 2015 CBM 165 [Roiz,M] (1/2-1/2, 61)}) 16... b6 17. hxg6 hxg6 18. Nh2
Qd7 19. e5 {Aronian,L (2773)-Alekseev,E (2725) Ohrid 2009 CBM 133 [Ftacnik,L] 
(1-0, 38)}) 12. Qd3 $5 ({The solid} 12. e3 {has the drawback of cutting off
the bishop's retreat, inevitably leading to its exchange.} Rb6 13. Qe2 Nbd7 14.
Rfd1 Bxf3 15. Bxf3 c6 16. Qc2 Ne8 17. Bxe7 Qxe7 $14 {Nakamura,H (2793)-Aronian,
L (2788) London 2015 CBM 170 [Sumets,A] (½-½, 41), with the usual solid but
passive Black position.}) ({It should be mentioned that} 12. Bxf6 Bxf6 13. e4 {
does not work now due to} Rb6 {[%csl Gb2,Gd4][%cal Gb6b4,Gf6d4] causing
troubles with the d4- and b2-pawns.}) 12... Rb6 13. Qc2 h6 $146 {Before making
a decision regarding the centre Black forces his opponent into defining his
intentions with respect to his bishop.} ({The alternative is} 13... Bxf3 14.
Bxf3 Rb4 $6 {This only wastes time without bothering White.} (14... Qxd4 15.
Be3 $18) ({The critical move seems to be} 14... Nc6 {more or less forcing} 15.
e3 {when after} Nb4 16. Qe2 h6 17. Bxf6 Bxf6 {the game would transpose to a
similar position as in the aforementioned game Eljanov-Adams. But maybe Adams
wanted something different this time.}) 15. Rfd1 c6 (15... Rxd4 16. Rxd4 Qxd4
17. Nb5 Qb6 18. Qxc7 Qxc7 19. Nxc7 $14) 16. Be3 Nd5 17. Bc1 Rb6 18. e4 Nb4 19.
Qe2 Re8 20. Bg2 Ra6 21. Be3 Nd7 22. d5 $16 {1-0 (40) Ruck,R (2535)-Moor,O 
(2377) Zuerich 2005}) (13... Rb4 {is pointless due to} 14. e4 $16) 14. Bd2 {
White is just happy to keep his bishop. Now he will be able to play e2-e3
without problems.} Bb4 15. Rfe1 {[%cal Ge2e4]} Bxf3 ({Giving up the other
bishop strengthens White's centre:} 15... Bxc3 16. bxc3 Be4 {As we will see,
the blockade is not very stable.} 17. Qc1 Nc6 18. Rd1 Qe7 19. Bf1 $5 Rd8 (19...
Bxf3 20. exf3 e5 21. Re1 Qd6 22. d5 $5 Qxd5 23. Be3 {[%csl Gb6]} Rb3 24. Qc2
$16 {[%csl Gb3][%cal Gf1e2,Ge2d1]}) 20. Bf4 (20. Ne1 e5 $132) 20... Nd5 21. Nd2
Bg6 22. Bg2 $14 {[%cal Gd2c4]}) 16. Bxf3 Nc6 17. e3 $14 {For the time being
White cannot advance his central pawns, but in the long run they could become
threatening, especially with two bishops sustaining them.} e5 {In principle
Black should break up the centre after thorough preparation, but it seems that
here there is no obvious way to improve the queen's placement, for instance.} (
17... Qe7 18. Rac1 e5 19. Nb5 {[%cal Gd2c3,Ge1e7]} Bxd2 20. Qxd2 Rd8 21. Bg2
$14 exd4 22. exd4 Qd7 23. Qf4 $16 {[%csl Gc7]}) (17... Re8 18. Rad1 {[%cal
Gd1d8]}) 18. Bxc6 $1 {The best way of keeping a stable advantage.} (18. d5 Bxc3
19. Bxc3 Nb4 20. Qd2 e4 $5 21. Bxf6 Qxf6 22. Bxe4 Re8 23. Bb1 (23. Bg2 Nc2 $1
24. Qxc2 Rxb2) 23... Qg5 {retrieves the pawn with a normal position.}) 18...
exd4 (18... Rxc6 19. dxe5 Nd7 20. f4 $16 {offers Black no compensation.}) 19.
Bf3 dxc3 20. bxc3 Bc5 $14 {Black has dismantled White's centre and weakened
his queenside structure, but is still far from equality. The bishop pair is
strong, as is the mobile kingside majority. As for the queenside weaknesses,
they are not easy to attack, while Black has also lost his outpost on b4.
Moreover, the isolated pawns safely prevent the advance of Black's majority.
In the next phase the game will slowly flow towards a better ending for White.}
21. Rab1 Rd6 22. Red1 b6 23. c4 Qe7 24. Bc3 Rfd8 25. Bb2 Qe6 26. Rxd6 Rxd6 27.
Rd1 Rxd1+ 28. Qxd1 Bd6 29. Qd4 {This most natural move could have run into a
surprising antidote.} ({True,} 29. c5 {does not seem to offer more than
reasonable compensation:} Bxc5 (29... bxc5 30. Qe1 {[%csl Ga5]} Qf5 31. Kg2 c4
32. e4 $14) 30. Qd8+ Ne8 31. Bd5 Qe7 32. Qc8 Bxe3 $5 (32... Kh7 {also looks
reliable.}) 33. Bc6 (33. fxe3 Qxe3+ 34. Kf1 Qd3+ $11 35. Ke1 $2 Qb1+ $1 $19)
33... Bxf2+ 34. Kg2 Bxg3 35. Qxe8+ Qxe8 36. Bxe8 Bd6 {White's bishops are very
active, but with four pawns for a bishop Black should be able to draw.}) ({
With hindsight} 29. Qc2 {may have been slightly stronger.} Be5 {Exchanging
bishops would spare Black any problems but this is not easy to achieve.} (29...
Qe7 30. Qf5 $14) 30. Ba3 {[%cal Gc4c5]} Bd6 31. c5 $14) 29... Qe8 (29... Qd7 $1
{is a better way of attacking a4.} 30. Bd1 (30. Qd1 Qe6 {transposes back to a
previous position.}) 30... Be5 $3 31. Qxd7 Nxd7 {After exchanging queens and
achieving a perfect regrouping Black should be able to hold.}) 30. Bd1 Qc6 $6 {
Adams must have thought that with queens on the board he would have chances
for counterplay. He probably underestimated White's next move.} (30... Qe4 $5
$14 {looks safer.}) 31. Bc2 $1 {Suddenly White is perfectly coordinated and
all his pieces are targeting the enemy kingside.} Kf8 32. e4 Bc5 33. Qd8+ Ne8
34. Qd5 Qg6 ({The exchange on d5 is not something Black would be happy about:} 
34... Qxd5 35. cxd5 $16 {[%cal Ge4e5,Gf2f4]}) 35. Kg2 Ke7 (35... c6 $5 36. Qd7
Qd6 $14) 36. f4 c6 37. Qd3 Nc7 $2 {Things have not gone Black's way but the
last move is a blunder.} (37... Qe6 38. h4 $16 {[%cal Gf4f5]}) 38. f5 $1 $18 {
Suddenly the queen has no good squares.} Qg5 (38... Qd6 39. Qxd6+ Bxd6 40. Bxg7
$18) (38... Qh7 {looks ugly in general but there is also a quick win available:
} 39. f6+ gxf6 40. Bxf6+ $1 $18 Kxf6 41. e5+) 39. Be5 Ne6 (39... Ne8 {would
lose the queen:} 40. Bf4 Qf6 (40... Qh5 41. Bd1) 41. e5) 40. fxe6 {A good
technical game by Wesley, despite Michael's hesitations in the defence.} (40.
fxe6 Qxe5 41. Qd7+ Kf6 42. Qxf7+ Kg5 43. h4+ Kg4 44. Bd1#) 1-0

[Event "Elista FIDE GP"]
[Site "Elista"]
[Date "2008.12.17"]
[Round "4"]
[White "Cheparinov, Ivan"]
[Black "Jakovenko, Dmitrij"]
[Result "1/2-1/2"]
[WhiteElo "2696"]
[BlackElo "2737"]
[Annotator "Marin,M"]
[PlyCount "102"]
[EventDate "2008.12.14"]
[EventType "tourn"]
[EventRounds "13"]
[EventCountry "RUS"]
[EventCategory "19"]
[SourceTitle "CBM 128"]
[Source "ChessBase"]
[SourceDate "2009.01.28"]
[SourceVersion "1"]
[SourceVersionDate "2009.01.28"]
[SourceQuality "1"]

1. d4 d5 2. c4 e6 3. Nf3 Nf6 4. g3 Be7 5. Bg2 O-O 6. O-O dxc4 7. Qc2 a6 8. Qxc4
b5 9. Qc2 Bb7 10. Bd2 Bd6 $5 {A frequent guest in top events of the last year.}
11. Re1 ({From all the games I have annotated so far, I prefer} 11. Ng5 Bxg2
12. Kxg2 Nbd7 13. e4 {, despite the final result in Eljanov,P (2687)-Carlsen,M
(2765)/Foros 2008/CBM 125/[Marin,M] (0-1, 82)}) 11... Be4 12. Qc1 Bb7 (12...
Nbd7 $6 {Volokitin,A (2684)-Onischuk,A (2664)/Foros 2008/CBM 125/[Marin,M] 
(1-0, 31)}) 13. a3 $146 {I have analysed this move in certan positions of the
Catalan myself. I usually regarded it as a half-waiting move, consolidating
White's control over the b4-square and enabling the rook lift Ra2-c2.} (13. Bg5
{Gelfand,B (2737)-Anand,V (2799)/Wijk aan Zee 2008/CBM 122 (1/2, 25)}) 13...
Nbd7 14. b4 {Cheparinov's approach is more straightforward.} ({I would prefer} 
14. Ba5 {. In the Catalan, it is generally useful to occupy this square before
blocking the queenside.} Rc8 ({In the event of} 14... Qe7 {White may consider
grabbing the pawn with} 15. Bxc7 Rac8 16. Bxd6 Qxd6 17. Qd1) (14... e5 $6 15.
Nxe5 $1 Bxg2 16. Nxd7 Qxd7 17. Kxg2 $16) 15. Nbd2 Qe7 16. b4 $14) 14... Qc8 $1
{[%csl Gb7] An important prophylactic move, defending the b7-bishop.} (14...
Nb6 15. Nc3 Ne4 16. Qc2 $5 Nxc3 (16... f5 17. Ng5 $1 $16) 17. Ng5 Ne4 $8 18.
Bxe4 Bxe4 19. Qxe4 g6 20. Qh4 h5 21. g4 $5 $36) 15. Nc3 Ne4 {Now, Black can
play this typical Queen's Indian move without fear.} ({The more static approach
} 15... e5 {fails to eqaulize after} 16. e4 Re8 17. Qc2 $14) 16. Nxe4 $6 {
After this premature release of the tension, White starts having problems on
the light squares.} ({It would be better to induce Black to exchange on c3
himself.} 16. Qc2 $5 f5 (16... Nxc3 $6 17. Bxc3 f5 18. e4 $1 Bxe4 19. Rxe4 $1
fxe4 20. Ng5 Nf6 21. Bxe4 Nxe4 22. Qxe4 g6 23. Nxe6 $14) 17. Ng5 Nxc3 18. Bxc3
Bxg2 19. Kxg2 Nb6 20. e4 h6 21. Nf3 Qb7 22. Re2 Nc4 {Compared with the game,
White has an extra tempo (Bc3), which allows him get rid of the intruder with}
23. Nd2 $5 $11) 16... Bxe4 17. Ng5 Bxg2 18. Qc2 f5 19. Kxg2 Nb6 {Black takes
full advantage of the fact that there is no white bishop on a5 and transfers
the knight to c4.} 20. e4 (20. Qc6 Nc4 21. Bf4 Qe8 $15) 20... h6 21. Nf3 Qb7
22. Re2 Nc4 $36 23. Rae1 $6 Rf7 $6 {At this moment, Black's position is
obviously preferable, but here he misses a concrete chance to consolidate his
domination.} (23... fxe4 $1 24. Rxe4 (24. Qxe4 $2 Qxe4 25. Rxe4 Rxf3 $1 $19)
24... Qd5 $17) 24. Nh4 fxe4 25. Rxe4 Be7 26. Kg1 Bxh4 27. Rxh4 Raf8 28. Bf4 {
White has activated his position considerably and has entirely reasonable play.
} Qd5 29. Rg4 Rf6 30. Rg6 Nxa3 31. Qd3 Qc4 32. Qxc4 bxc4 33. Rxf6 Rxf6 34. Rc1
g5 35. Be3 Rf7 36. Rc3 Nb5 37. Rxc4 Rd7 38. g4 Kf7 39. Kg2 Nd6 40. Rc5 Nb5 41.
h4 gxh4 42. Rh5 Nxd4 43. Rxh6 Nc2 44. Rh7+ Ke8 45. Rh8+ Kf7 46. Bc5 Ne1+ 47.
Kf1 Nd3 48. Rh7+ Ke8 49. Rh8+ Kf7 50. Rh7+ Ke8 51. Rh8+ Kf7 1/2-1/2

[Event "Tata Steel-A 76th"]
[Site "Wijk aan Zee"]
[Date "2014.01.21"]
[Round "8"]
[White "Giri, Anish"]
[Black "Aronian, Levon"]
[Result "1/2-1/2"]
[WhiteElo "2734"]
[BlackElo "2812"]
[Annotator "Marin,M"]
[PlyCount "96"]
[EventDate "2014.01.11"]
[EventType "tourn"]
[EventRounds "11"]
[EventCountry "NED"]
[EventCategory "20"]
[SourceTitle "CBM 159"]
[Source "ChessBase"]
[SourceDate "2014.03.17"]
[SourceVersion "1"]
[SourceVersionDate "2014.03.17"]
[SourceQuality "1"]

1. d4 Nf6 2. c4 e6 3. Nf3 d5 4. g3 Be7 5. Bg2 O-O 6. O-O dxc4 7. Qc2 a6 8. a4
Bd7 9. Qxc4 Bc6 10. Bf4 Bd6 11. Bg5 {In the Catalan with 6...dxc4 players do
not seem to mind wasting time by moving with the already developed
dark-squared bishops.} Nbd7 12. Nc3 h6 13. Bxf6 Nxf6 14. a5 {A strategically
double-edged move. It is nice, of course, to reduce Black's queenside mobility,
but in the long run the a5-pawn might become a comfortable target for the
black bishop.} (14. Nd2 {Tomashevsky,E (2738)-Aronian,L (2825) Moscow 2012 CBM
149 [Marin,M] (1/2, 25)}) (14. Rfd1 {Wang,H (2747)-Dominguez Perez,L (2757)
Elancourt 2013 CBM 157 [ChessBase Website] (1/2, 37)}) 14... Qe7 (14... Bxf3
15. Bxf3 c6 {as played in Wang,Y (2690)-Hou,Y (2623) Danzhou 2012 CBM 149 
[Let's Check Training] (1-0, 70) is solid, but a bit passive.}) 15. Nd2 $146 {
A very direct approach. White intends to eliminate the virtual blockade on e4
in order to set his centre in motion.} ({In the following game, White played
Nf3-d2 after some moving back and forth by both sides:} 15. Rfe1 Bb4 16. Rec1
Rfd8 17. e3 Bd6 18. Nd2 Bxg2 19. Kxg2 c5 20. dxc5 Bxg3 21. Nf3 Bc7 $132 {
Bukavshin,I (2476)-Lysyj,I (2624) St Petersburg 2012 (1/2, 32)}) 15... Bd5 $5 {
Trying to get the most out of the piece tension.} ({The natural} 15... Bxg2 {
may have seemed like a small concession to Aronian.} 16. Kxg2 e5 ({A player
with the technical skills of Ulf Andersson may find some way to retain
microscopic pressure after} 16... c5 17. dxc5 Bxc5 18. Nce4 Rac8 19. Rfc1 Nxe4
20. Qxe4 Rfd8 21. Nf3 {[%cal Gf3e5,Ge5d3,Gb2b4,Gg3g4,Gh2h4,Gh4h5]}) 17. d5 ({
The only way to fight for an advantage.} 17. dxe5 Bxe5 {yields the bishop too
much activity.}) 17... Rac8 18. Rfd1 {White cannot stop ...c7-c6, but after
the exchange on c6 he will have chances to get a dominating knight on d5, with
never ending pressure.}) 16. Bxd5 ({If} 16. Qd3 {[%cal Ge2e4]} Bxg2 17. Kxg2 c5
{the queen would be more exposed than in the similar line above.}) 16... exd5
17. Nxd5 Nxd5 18. Qxd5 Qxe2 19. Ne4 {The position has simplified, but the
strong white centralisation requires some accuracy from Black.} Rab8 {This
solid move fails to neutralise White's light initiative completely.} (19... c6
$6 20. Nf6+ $1 gxf6 21. Qxd6 $14) (19... Bb4 $5 {[%csl Ge4][%cal Gb4d6,Gb4d2,
Gf1e1] may have been best. The bishop dominates the knight and ensures the
queen against Rfe1.} 20. Qxb7 Rab8 21. Qc6 (21. Qd5 Rfd8 $36) 21... Qxb2 $5 $11
{(not the only move).}) 20. Rfe1 $1 {By means of a temporary pawn sacrifice,
White gains some tempi for his development.} (20. Nxd6 cxd6 21. Qxd6 Qxb2 22.
Rab1 Qc3 $11 {[%csl Ga5,Gd4][%cal Gf8d8]}) 20... Qxb2 21. Rab1 Qc2 22. Rec1 Qe2
23. Re1 Qc2 24. Nxd6 cxd6 (24... Rbd8 $2 {would allow three different ways of
keeping the extra knight, based on the same idea:} 25. Qf5 $1 $18 {[%csl Gc2]}
(25. Qe4 $1) (25. Qc4 $1)) 25. Rb6 Rbe8 26. Rf1 $5 {The safest way of avoiding
back rank problems in the process of queenside pawn grabbing.} Qe4 {This will
prove good enough for a draw,} ({but maybe a more clear way to equality would
have been:} 26... Re7 27. Rxb7 Rxb7 28. Qxb7 Qd3 29. Qd5 Re8 30. Kg2 (30. Qxd6
Re4 $11) 30... Re6 $11 (30... Re4 $6 {fails to some consecutive overloadings
of the queen:} 31. Rd1 $1 {The inevitable rook exchange will leave White with
the more pleasant queen ending.} Qc2 32. Rd2 $1 Qb1 33. Rb2 $1) 31. Qa8+ ({
Time has come for White to think of a draw. If, say} 31. h4 $6 Rf6 {Black's
position starts looking too active.}) 31... Kh7 32. Qb7 Rf6 33. Qb1 $11) 27.
Qxb7 $1 ({Of course, it would not have made sense to activate the enemy rook
with} 27. Qxe4 Rxe4) 27... Qxb7 ({If} 27... Qxd4 28. Rxa6 {the a5-pawn may
prove dangerous, especially with queens on board.}) 28. Rxb7 Re4 29. Rd1 Rc8 $1
{[%cal Gc8c2,Ge4e2] The key to the counterplay. Black simply intends to double
rooks on the second rank.} 30. Rb6 Rc2 31. Rd3 {[%cal Gd3f3]} (31. Rxa6 Ree2
32. Rf1 Ra2 33. Rxd6 (33. Kg2 {[%cal Gg2f3]} d5 $1 $11) 33... Rxa5 34. Kg2 {
[%cal Gg2f3]} Ra3 $1 {[%cal Ga3d3,Ge2d2]} 35. Rc1 Raa2 36. Rf1 Ra3 $11) 31...
g5 32. h3 h5 33. Rf3 g4 34. hxg4 ({If White leaves the h5-pawn on board, he
may have the surprise that the weakness would actually turn into a source of
counterplay:} 34. Rf5 {[%csl Gh5]} Rxd4 35. Rxa6 (35. Rxh5 Rd1+ 36. Kg2 gxh3+ {
[%csl Gf2]} 37. Rxh3 Rdd2 $11) 35... h4 $5 36. gxh4 gxh3 {with a probable draw.
}) 34... hxg4 35. Rf4 ({With nothing to attack on h5,} 35. Rf5 {would just
expose the rook to the king's attack:} Rxd4 36. Rxa6 Kg7 $11 {[%csl Gf2][%cal
Gg7g6]}) 35... Rxf4 36. gxf4 Ra2 37. Rxa6 Kg7 {King activity is essential.} (
37... f5 $2 {would be an instructive mistake. Black would deprive his king of
the f5-square and weaken the seventh rank at the same time.} 38. d5 Ra4 39. Kg2
Kf7 40. Kg3 Ke7 41. Ra7+ Kd8 (41... Kf8 42. a6 Kg8 43. Ra8+ Kg7 44. a7 $18 {
[%cal Gg3h4,Gh4g5,Gg5f5,Gf4f7]}) 42. a6 Kc8 43. Rf7 $18) 38. Kg2 Kg6 $1 {
Temporarily sacrificing a second pawn, again for the sake of the king's
activity.} (38... f5 $2 39. d5 $18) (38... d5 39. Kg3 $16 {/+-}) 39. Rxd6+ Kf5
40. a6 Kxf4 41. Rf6+ Kg5 42. Rb6 Kf4 43. d5 Ke5 44. d6 Ke6 45. Kg3 f5 46. d7+
Kxd7 47. Rf6 Ke7 48. Rh6 Kf7 1/2-1/2